|
|
|
|
| LEADER |
01037nkm a2200301 a 4500 |
| 001 |
000849341 |
| 003 |
CZ BrMZK |
| 005 |
20070606132338.0 |
| 007 |
kf bc |
| 008 |
070329s2007 xr nnn kncze |
| 020 |
|
|
|a 978-80-7351-110-4
|q (brož.) :
|c Kč 99,00
|
| 040 |
|
|
|a BOA001
|b cze
|
| 072 |
|
7 |
|a 821-93
|x Literatura pro děti a mládež (beletrie)
|2 Konspekt
|9 26
|
| 072 |
|
7 |
|a 37
|x Výchova a vzdělávání
|2 Konspekt
|9 22
|
| 080 |
|
|
|a 379.8:793/796
|2 MRF
|
| 080 |
|
|
|a (0.053.2)
|2 MRF
|
| 100 |
1 |
|
|a Schneider, Luděk,
|d 1949-
|7 ola2003182091
|4 ill
|
| 245 |
1 |
0 |
|a Spojovačky od bodu k bodu
|h [grafika] /
|c [ilustrace Luděk Schneider]
|
| 260 |
|
|
|a Kladno :
|b Delta Macek,
|c c2007
|
| 300 |
|
|
|a 1 sv. ([94 s.]) :
|b il. ;
|c 30 cm
|
| 650 |
0 |
7 |
|a hry
|7 ph114716
|2 czenas
|
| 655 |
|
7 |
|a publikace pro děti
|7 fd133156
|2 czenas
|
| 910 |
2 |
|
|a BOA001
|b 4-1186.111
|
| 928 |
9 |
|
|a Vladimír Macek
|
| 990 |
|
|
|a GP
|
| 995 |
|
|
|a 60
|
| 991 |
|
|
|b 200705
|
| 996 |
6 |
|
|b 2610310675
|c 4-1186.111
|l MZK
|r Sklad / do 1 hodiny
|n 0
|p p.v.
|w 000849341
|u 000010
|a 1
|e BOA001
|j MZK50
|s P
|